000 01301pam a2200325 a 4500
001 3451629
003 OSt
005 20240426160201.0
008 921030s1994 enka b 001 0 eng
010 _a 92040596
020 _a0521411483 (hardback)
040 _aDLC
_cDLC
_dDLC
082 0 0 _a530.416 BER 1994
_220
100 1 _aBertsch, George F.; Broglia, R. A.
_913819
245 1 0 _aOscillations in Finite Quantum Systems
260 _aCambridge;
_bCambridge University Press,
_c1994.
300 _axii, 212 p. :
_bill. ;
_c24 cm.
440 0 _aCambridge monographs on mathematical physics
_913328
504 _aIncludes bibliographical references (p. 205-208) and index.
650 0 _aOscillations.
_913821
650 0 _aAtoms.
_911326
650 0 _aMetal crystals.
_913822
650 0 _aNuclear physics.
_98014
856 4 1 _3Sample text
_uhttp://www.loc.gov/catdir/samples/cam031/92040596.html
856 4 2 _3Publisher description
_uhttp://www.loc.gov/catdir/description/cam025/92040596.html
856 4 1 _3Table of contents
_uhttp://www.loc.gov/catdir/toc/cam028/92040596.html
906 _a7
_bcbc
_corignew
_d1
_eocip
_f19
_gy-gencatlg
942 _2ddc
_cO_SHELF
999 _c6734
_d6734